000 00666nam a22001817a 4500
003 OSt
005 20180116183030.0
008 151218b xxu||||| |||| 00| 0 eng d
020 _a03-842-2011-1
024 _203-842-2011-1
040 _cLahore University of Management Sciences
082 _a174.4 LUM 2010
100 _aRizwan Amin Sheikh , Khalid A. Khan
245 _aSOFTWARE TECHNOLOGY PARK: SELECTING THE CONTRACT TYPE AND CONTRACTOR
_cRizwan Amin Sheikh , Khalid A. Khan
260 _aLahore LUMS
_b Lahore University of Management Sciences
_c2010
440 _aSOFTWARE TECHNOLOGY PARK: SELECTING THE CONTRACT TYPE AND CONTRACTOR
942 _2ddc
_cCS
999 _c350984
_d350984